Некоторые основные вопросы обработки данных межлабораторных сличений; Измерительная техника; № 4

Chi tiết về thư mục
Parent link:Измерительная техника=Measurement Techniques: научно-технический журнал/ Российская Федерация, Федеральное агентство по техническому регулированию и метрологии (Ростехрегулирование) (Госстандарт России).— , 1940-1941, 1955-.— 0368-1025
№ 4.— 2003.— С. 68-71
Tác giả chính: Циарлини П.
Tác giả khác: Павезе Ф.
Ngôn ngữ:Tiếng Nga
Được phát hành: 2003
Loạt:Межждународное сотрудничество
Những chủ đề:
Định dạng: Chương của sách
KOHA link:https://koha.lib.tpu.ru/cgi-bin/koha/opac-detail.pl?biblionumber=387356

MARC

LEADER 00000naa2a2200000 4500
001 387356
005 20231101063610.0
035 |a (RuTPU)RU\TPU\prd\16916 
090 |a 387356 
100 |a 20030903a2003 k y0rusy50 ca 
101 0 |a rus 
102 |a RU 
200 1 |a Некоторые основные вопросы обработки данных межлабораторных сличений  |f П. Циарлини, Ф. Павезе 
225 1 |a Межждународное сотрудничество 
320 |a Библиогр.: 5 назв. 
461 1 |0 (RuTPU)RU\TPU\prd\1509  |x 0368-1025  |t Измерительная техника  |l Measurement Techniques  |o научно-технический журнал  |f Российская Федерация, Федеральное агентство по техническому регулированию и метрологии (Ростехрегулирование) (Госстандарт России)  |d 1940-1941, 1955- 
463 1 |0 (RuTPU)RU\TPU\prd\16180  |t № 4  |v С. 68-71  |d 2003 
610 1 |a обработка данных 
610 1 |a межлабораторные сличения 
610 1 |a смесь распределений вероятностей 
675 |a 861.2.083  |v 3 
700 1 |a Циарлини  |b П. 
701 1 |a Павезе  |b Ф. 
801 1 |a RU  |b 63413507  |c 20030903  |g PSBO 
801 2 |a RU  |b 63413507  |c 20121217  |g RCR 
942 |c BK